The secret scripture / (Record no. 23854)

MARC details
000 -LEADER
fixed length control field 01974nam a22003011 4500
005 - DATE AND TIME OF LATEST TRANSACTION
control field 20050808122104.0
008 - FIXED-LENGTH DATA ELEMENTS--GENERAL INFORMATION
fixed length control field 721219s1962 nyu 000 0 eng
010 ## - LCCN (DPL NO)
LC control number B-346063-069
020 ## - INTERNATIONAL STANDARD BOOK NUMBER
International Standard Book Number 9780571215300
Terms of availability 295.00
035 ## - SYSTEM CONTROL NUMBER
System control number B-346063-069
037 ## - SOURCE OF ACQUISITION
Source of stock number/acquisition Pansy Books
040 ## - CATALOGING SOURCE
Original cataloging agency dpl
Language of cataloging English
082 ## - DEWEY DECIMAL CLASSIFICATION NUMBER
Classification number N
100 ## - MAIN ENTRY--PERSONAL NAME
Personal name Barry, Sebastian
245 ## - TITLE STATEMENT
Title The secret scripture /
Statement of responsibility, etc by Sebastian Barry
260 ## - PUBLICATION, DISTRIBUTION, ETC. (IMPRINT)
Place of publication, distribution, etc London
Name of publisher, distributor, etc Faber and Faber Limited
Date of publication, distribution, etc 2008
270 ## - ADDRESS
Address 3 Queen Square,
City London
Postal code WCIN 3AU
300 ## - PHYSICAL DESCRIPTION
Extent 312p
Dimensions 18cm (pbk)
942 ## - ADDED ENTRY ELEMENTS (KOHA)
Source of classification or shelving scheme Dewey Decimal Classification
Item type English Books
Classification part N
Call number suffix SEB
Holdings
Withdrawn status Lost status Source of classification or shelving scheme Damaged status Not for loan Collection code Home library Current library Date acquired Source of acquisition Cost, normal purchase price Total Checkouts Full call number Barcode Date last seen Copy number Cost, replacement price Koha item type Total Renewals
  Written-off vide DLB M. No. 383 dt 16.05.19 Dewey Decimal Classification     Fiction Central Library Central Library 16/02/2009 Pansy Books/907/25.6.09/57/5.6.09/4.7.09 295.00   N SEB B-346063 16/02/2009 1 295.00 English Books  
Withdrawn   Dewey Decimal Classification     Fiction Janak Puri Janak Puri 30/10/2009 Pansy Books/907/25.6.09/57/5.6.09/4.7.09 295.00 30 N SEB B-346065 19/12/2017 1 295.00 English Books 3
    Dewey Decimal Classification     Fiction Karol Bagh Karol Bagh 30/10/2009 Pansy Books/907/25.6.09/57/5.6.09/4.7.09 295.00   N SEB B-346068 30/10/2009 1 295.00 English Books  
    Dewey Decimal Classification     Fiction Patel Nagar Patel Nagar 30/10/2009 Pansy Books/907/25.6.09/57/5.6.09/4.7.09 295.00   N SEB B-346064 30/10/2009 1 295.00 English Books  
    Dewey Decimal Classification     Fiction Sarojini Nagar Sarojini Nagar 30/10/2009 Pansy Books/907/25.6.09/57/5.6.09/4.7.09 295.00   N SEB B-346066 30/10/2009 1 295.00 English Books  
  Lost and Paid For Dewey Decimal Classification     Fiction Shahdara Branch Shahdara Branch 30/10/2009 Pansy Books/907/25.6.09/57/5.6.09/4.7.09 295.00   N SEB B-346069 30/10/2009 1 295.00 English Books  
    Dewey Decimal Classification     Fiction Vinoba Puri Vinoba Puri 30/10/2009 Pansy Books/907/25.6.09/57/5.6.09/4.7.09 295.00 10 N SEB B-346067 19/03/2021 1 295.00 English Books  

© Delhi Public Library
Hit Counter
free hit counter